Stany USA z większą liczbą krów niż ludzi - Statystyki

Ogólne statystyki
  • Ten quiz został rozwiązany 16 razy
  • Średni wynik to 6 z 9
Statystyki odpowiedzi
Krowy na ludzi Stan % Poprawnych
1,97 Montana
83%
1,32 Idaho
75%
1,21 Iowa
75%
2,21 Kansas
75%
2,40 Dakota Północna
67%
4,17 Dakota Południowa
67%
2,17 Wyoming
67%
1,29 Oklahoma
58%
3,46 Nebraska
42%
Nie znaleziono quizów pasujących do podanych kryteriów
Rozkład punktacji
Procent ludzi z każdym wynikiem
Percentyl według liczby udzielonych odpowiedzi
Twoja historia wyników
Nie rozwiązałeś tego quizu